000 00453cam a2200193ua 4500
001 7454
008 141211n ii |||gr||||Z||||||ben
040 _cMAIN
041 _aben
082 _a891.444
100 _aSanyal, N.,
_eAuthor.,
245 1 _aRodin
_cBy Narayan Sanyal
250 _a2nd.
260 _aCalcutta:
_bDey,
_c1988.
300 _a171p.
653 _aEast Indo-European & Celtic literatures
653 _aBengali essays
942 _cBK
999 _c6577
_d6577